Countries with the Most Golf Courses - Statistics

General Stats
  • This quiz has been taken 56,600 times
    28,046 since last reset
  • The average score is 12 of 14
Answer Stats
# Country % Correct
16,156 United States
100%
3,101 United Kingdom
98%
2,564 Canada
96%
811 France
96%
1,054 Germany
94%
617 China
93%
493 Spain
93%
1,584 Australia
90%
3,140 Japan
89%
365 Ireland
79%
416 New Zealand
76%
810 South Korea
68%
650 Sweden
66%
477 South Africa
62%
No matching quizzes found
Score Distribution
Percent of People with Each Score
Percentile by Number Answered
Your Score History
You have not taken this quiz since the last reset